| 000 | 00448cam a22001337a 4500 | ||
|---|---|---|---|
| 008 | 180718b1984 xxu||||| |||| 00| 0 eng d | ||
| 082 | _aZ49x5 P973 | ||
| 100 | _aPuri, S.S. | ||
| 245 |
_aSecond jawaharlal Nehru memorial IFFCO lecture on cooperation _cby S.S. Puri |
||
| 260 |
_aDelhi _bIndian Farmers Fertiliser Cooperative Ltd. _c1984 |
||
| 300 | _a23p. | ||
| 500 | _aLecture delivered on 14th Nov. 1984 | ||
| 650 | _aAgriculture, Cooperative - Asia | ||
| 999 |
_c477359 _d477359 |
||